[Event "XII Weekend B"]
[Site "Ceriano Laghetto ITA"]
[Date "2003.01.25"]
[Round "1"]
[White "Bernasconi, Fabio"]
[Black "Bertrecchi, Corrado"]
[Result "1-0"]
[WhiteElo "1702"]
[BlackElo "1416"]
[PlyCount "61"]
[EventDate "2003.01.25"]

1. d4 d5 2. c4 e6 3. a3 c5 4. e3 Nf6 5. Nf3 Nc6 6. Be2 Ne4 7. O-O Be7 8. dxc5
Nxc5 9. b4 Ne4 10. Qc2 O-O 11. Bd3 Bf6 12. Ra2 Ne5 13. Nxe5 Bxe5 14. Bxe4 Qh4
15. f4 Bc7 16. cxd5 exd5 17. Qxc7 dxe4 18. Rd2 b6 19. Bb2 Ba6 20. Qe5 f6 21.
Qe6+ Kh8 22. Rfd1 Bd3 23. Nc3 Rfe8 24. Qd7 a5 25. Nb5 Red8 26. Qf5 g6 27. Qe6
axb4 28. Nd6 Kg7 29. Qe7+ Kh6 30. Nf7+ Kh5 31. Nxd8 1-0

[Event "XII Weekend B"]
[Site "Ceriano Laghetto ITA"]
[Date "2003.01.25"]
[Round "1"]
[White "Bernasconi, Roberto"]
[Black "Popovic, Dragan"]
[Result "0-1"]
[WhiteElo "1753"]
[BlackElo "1656"]
[PlyCount "142"]
[EventDate "2003.01.25"]

1. e4 e5 2. Nf3 Nc6 3. Nc3 Bc5 4. Bc4 d6 5. h3 Nf6 6. d3 h6 7. O-O O-O 8. Be3
Bb4 9. Nd5 Nxd5 10. Bxd5 Ne7 11. c3 Nxd5 12. exd5 Ba5 13. Qa4 Bb6 14. Bxb6 cxb6
15. Nd2 Qg5 16. Ne4 Qg6 17. Kh2 f5 18. Nd2 Qf7 19. c4 g5 20. Qd1 h5 21. Nf3 Qf6
22. Qd2 f4 23. Rae1 g4 24. Ng1 Bd7 25. d4 exd4 26. Re4 d3 27. Rfe1 b5 28. Re7
Qf5 29. Qc3 Rf7 30. b3 Raf8 31. Rxf7 Rxf7 32. Rd1 bxc4 33. Qxc4 Qe5 34. Qxd3
f3+ 35. g3 Bf5 36. Qd4 Qxd4 37. Rxd4 Kg7 38. Nxf3 gxf3 39. g4 hxg4 40. hxg4 Bg6
41. Kg3 Kf6 42. Kf4 Bb1 43. Rd2 Kg6+ 44. Kg3 Kg5 45. a3 Be4 46. b4 Re7 47. Rd4
Re5 48. Rc4 Bxd5 49. Rc7 Bc6 50. Rg7+ Kf6 51. Rh7 Kg6 52. Rh8 a5 53. Rd8 Re6
54. bxa5 Kg5 55. Rc8 d5 56. Rg8+ Rg6 57. Rxg6+ Kxg6 58. Kxf3 Kg5 59. Kg3 d4 60.
f4+ Kf6 61. Kf2 Be4 62. Ke2 Ke6 63. Kd2 Kd5 64. a4 Kc4 65. f5 Kb4 66. f6 Bg6
67. g5 Kxa5 68. f7 Bxf7 69. Kd3 Kxa4 70. Kxd4 b5 71. Kc3 Ka3 0-1

[Event "XII Weekend B"]
[Site "Ceriano Laghetto ITA"]
[Date "2003.01.25"]
[Round "1"]
[White "Bertuolo, Sergio"]
[Black "Piazza, Angelo"]
[Result "0-1"]
[WhiteElo "1491"]
[BlackElo "1701"]
[PlyCount "46"]
[EventDate "2003.01.25"]

1. e4 Nf6 2. e5 Nd5 3. d4 d6 4. c4 Nb6 5. exd6 exd6 6. Nf3 Bg4 7. Be3 Nc6 8.
Nc3 Be7 9. Nd5 O-O 10. b3 Bxf3 11. Qxf3 Nxd5 12. cxd5 Nb4 13. Kd2 c5 14. a3 Qa5
15. Kc1 cxd4 16. Bd2 Qc5+ 17. Kd1 Qc2+ 18. Ke1 Qb2 19. Rc1 Na2 20. Rc4 Bf6 21.
Qd3 Rfe8+ 22. Be2 Qa1+ 23. Bc1 Nxc1 0-1

[Event "XII Weekend B"]
[Site "Ceriano Laghetto ITA"]
[Date "2003.01.25"]
[Round "1"]
[White "Brioschi, Camillo"]
[Black "De Luca, Vincenzo"]
[Result "1-0"]
[WhiteElo "1714"]
[BlackElo "1558"]
[PlyCount "64"]
[EventDate "2003.01.25"]

1. d4 d5 2. c4 Nf6 3. Nc3 e6 4. cxd5 exd5 5. Bg5 c6 6. e3 Bf5 7. Bd3 Bxd3 8.
Qxd3 h6 9. Bh4 Bd6 10. Nge2 Nbd7 11. O-O Qc7 12. Bg3 O-O 13. Rfc1 Bxg3 14. Nxg3
Qd6 15. Na4 Rfe8 16. Nc5 Nxc5 17. Rxc5 Ne4 18. Nxe4 Rxe4 19. Rac1 Re7 20. b4
Rc7 21. b5 Rac8 22. Qc2 Kf8 23. g3 g6 24. h4 Kg7 25. a4 Kg8 26. a5 Kg7 27. Qc3
g5 28. hxg5 hxg5 29. e4 Qh6 30. exd5 Rh8 31. Qf3 Qh2+ 32. Kf1 32... Re7 {...}
1-0

[Event "XII Weekend B"]
[Site "Ceriano Laghetto ITA"]
[Date "2003.01.25"]
[Round "1"]
[White "Corti, Filippo"]
[Black "Bertamini, Alberto"]
[Result "0-1"]
[WhiteElo "1552"]
[BlackElo "1444"]
[PlyCount "86"]
[EventDate "2003.01.25"]

1. Nf3 d5 2. g3 c5 3. Bg2 Nc6 4. O-O e6 5. d3 Qb6 6. Nbd2 Bd6 7. e4 d4 8. Nc4
Qc7 9. a4 e5 10. Ne1 h5 11. f4 Bg4 12. Bf3 Bxf3 13. Qxf3 exf4 14. gxf4 O-O-O
15. Rf2 f6 16. Rg2 Qf7 17. Qh3+ Kc7 18. f5 Nh6 19. Bxh6 Rxh6 20. Nf3 Rg8 21.
Nh4 Ne7 22. Re1 g5 23. fxg6 Nxg6 24. Nxg6 Rhxg6 25. Ree2 Rg4 26. Ref2 Qg6 27.
Nxd6 Kxd6 28. Rxg4 Qxg4+ 29. Qxg4 Rxg4+ 30. Rg2 Ke5 31. h3 Rxg2+ 32. Kxg2 Kf4
33. Kf2 h4 34. a5 b6 35. axb6 axb6 36. c3 dxc3 37. bxc3 c4 38. dxc4 Kxe4 39.
Ke2 f5 40. Kf2 f4 41. Ke2 f3+ 42. Kf2 Kf4 43. c5 bxc5 0-1

[Event "XII Weekend B"]
[Site "Ceriano Laghetto ITA"]
[Date "2003.01.25"]
[Round "1"]
[White "D'Apa, Matteo"]
[Black "Spreafico, Gianpiero"]
[Result "1-0"]
[WhiteElo "1666"]
[BlackElo "1500"]
[PlyCount "81"]
[EventDate "2003.01.25"]

1. d4 d5 2. c4 e5 3. e3 exd4 4. exd4 c6 5. Nf3 Bg4 6. c5 Nf6 7. Be2 g6 8. O-O
Bg7 9. Be3 O-O 10. Nc3 Nbd7 11. Ne1 Bf5 12. Nd3 Re8 13. Qd2 Bxd3 14. Bxd3 Ng4
15. b4 Nxe3 16. fxe3 Nf6 17. Qf2 Qc7 18. h3 Nh5 19. e4 Nf4 20. Bc2 Bxd4 21.
Qxd4 Nxh3+ 22. Kh1 Nf4 23. Rae1 Ne6 24. Qf2 d4 25. Ne2 Rad8 26. Bd3 b6 27. Rc1
bxc5 28. bxc5 Re7 29. Qg3 Qa5 30. Qh4 Rde8 31. Bb1 Nxc5 32. Nxd4 Qc7 33. Rxc5
Qd6 34. Rc4 Re5 35. Qf4 Rh5+ 36. Kg1 Ree5 37. Qxf7+ Kh8 38. Qf6+ Qxf6 39. Rxf6
c5 40. Rf7 Rh4 41. Nf3 1-0

[Event "XII Weekend B"]
[Site "Ceriano Laghetto ITA"]
[Date "2003.01.25"]
[Round "1"]
[White "Della Rocca, Luigi"]
[Black "Pedetti, Roberto"]
[Result "1-0"]
[WhiteElo "1687"]
[BlackElo "1600"]
[PlyCount "153"]
[EventDate "2003.01.25"]

1. e4 d6 2. Nc3 c5 3. f4 Nc6 4. Bc4 Nf6 5. Nf3 e6 6. O-O Be7 7. a3 a6 8. d3 d5
9. Ba2 d4 10. Ne2 O-O 11. Qe1 Qc7 12. Qg3 Nh5 13. Qh3 g6 14. e5 f5 15. Bd2 Bd8
16. Be1 Ne7 17. Ng5 Nd5 18. Bxd5 exd5 19. Nf3 a5 20. Bh4 Ra6 21. Bxd8 Qxd8 22.
Qh4 a4 23. Qxd8 Rxd8 24. Nd2 Rb6 25. Rab1 Bd7 26. g3 Ng7 27. Rfe1 Ne6 28. h4 h6
29. Kf2 Kf7 30. Nf3 Ra8 31. c3 dxc3 32. bxc3 Rb3 33. Nd2 Rxb1 34. Rxb1 Bc6 35.
d4 Ra5 36. Ke3 Rb5 37. Rxb5 Bxb5 38. Nc1 cxd4+ 39. cxd4 Nd8 40. Nb1 Bc4 41. Nc3
b5 42. Nd3 Nb7 43. Nb4 Ke6 44. Nc6 Kd7 45. Na7 b4 46. axb4 a3 47. Kd2 a2 48.
Nxa2 Bxa2 49. Nb5 Nd8 50. Nd6 Ne6 51. Kc3 Kc6 52. Nf7 h5 53. Nh8 Nf8 54. Nf7
Bc4 55. Nd6 Bf1 56. Nf7 Bc4 57. Nd8+ Kd7 58. Nb7 Ba6 59. Nc5+ Kc6 60. Nxa6 Kb5
61. Nc5 Kb6 62. e6 Nh7 63. Kb3 Kb5 64. e7 Nf6 65. Nd7 Ne8 66. Ne5 Nf6 67. Nxg6
Kc6 68. Ka4 Kd7 69. b5 Ke8 70. b6 Nd7 71. b7 Nb8 72. Kb5 Kd7 73. Kb6 Nc6 74.
e8=Q+ Kxe8 75. Kxc6 Kf7 76. Ne5+ Ke6 77. b8=Q 1-0

[Event "XII Weekend B"]
[Site "Ceriano Laghetto ITA"]
[Date "2003.01.25"]
[Round "1"]
[White "Lampl, Gerald"]
[Black "Virzi, Ettore"]
[Result "0-1"]
[WhiteElo "1455"]
[BlackElo "1675"]
[PlyCount "116"]
[EventDate "2003.01.25"]

1. e4 e5 2. Nf3 Nc6 3. Bb5 a6 4. Ba4 Nf6 5. d3 b5 6. Bb3 Bc5 7. c3 d6 8. Bg5 h6
9. Bd5 Bd7 10. Bxf6 Qxf6 11. O-O Rb8 12. Nbd2 Ne7 13. Bb3 O-O 14. a4 Ng6 15.
axb5 axb5 16. Bc2 Nf4 17. Nb3 Bh3 18. g3 Bxf1 19. Qxf1 Ne6 20. Nxc5 Nxc5 21.
Qe2 Ra8 22. Rd1 Ne6 23. Bb3 Rfc8 24. d4 exd4 25. Nxd4 Nxd4 26. cxd4 c5 27. dxc5
Rxc5 28. Bd5 Rac8 29. Rb1 Rc2 30. Qe3 Rxb2 31. Rxb2 Qxb2 32. Qf4 Qc1+ 33. Qxc1
Rxc1+ 34. Kg2 b4 35. h4 Rc3 36. Kh3 b3 37. Kg4 b2 38. Ba2 Rc1 39. Kf5 b1=Q 40.
Bxb1 Rxb1 41. f4 Rb5+ 42. Kg4 h5+ 43. Kf3 Rb3+ 44. Kg2 Re3 45. e5 dxe5 46. fxe5
Kh7 47. Kh3 Kg6 48. Kg2 Kf5 49. Kh3 Kxe5 50. Kg2 Kf5 51. Kh3 g5 52. hxg5 Kxg5
53. Kg2 Kg4 54. Kh2 Re2+ 55. Kg1 Kf3 56. g4 hxg4 57. Kf1 g3 58. Kg1 Re1# 0-1

[Event "XII Weekend B"]
[Site "Ceriano Laghetto ITA"]
[Date "2003.01.25"]
[Round "1"]
[White "Lemma, Vittorio"]
[Black "Boffi, Luigi"]
[Result "1-0"]
[WhiteElo "1585"]
[BlackElo "1368"]
[PlyCount "94"]
[EventDate "2003.01.25"]

1. e4 c5 2. Nc3 Nc6 3. g3 Nf6 4. Bg2 e6 5. f4 d6 6. Nf3 Be7 7. O-O a6 8. d3 O-O
9. h3 Rb8 10. Be3 b5 11. g4 Bb7 12. Ne2 a5 13. c3 Qc7 14. Ng3 h6 15. g5 hxg5
16. fxg5 Nd7 17. Bf4 Rfd8 18. h4 Nf8 19. h5 e5 20. Be3 d5 21. exd5 Rxd5 22. Nh4
Rdd8 23. Qb3 c4 24. dxc4 bxc4 25. Qxc4 Ne6 26. Nf3 Rf8 27. g6 Ncd8 28. Qxc7
Nxc7 29. Nxe5 Bxg2 30. Kxg2 Rxb2+ 31. Rf2 Rxf2+ 32. Bxf2 fxg6 33. Nxg6 Rf7 34.
Rd1 Nce6 35. Bb6 Bf6 36. Bxa5 Ra7 37. Rd5 Rb7 38. Ne4 Rb2+ 39. Kf3 Rb8 40.
Nxf6+ gxf6 41. Kg4 Nc6 42. Kf5 Ng7+ 43. Kxf6 Nxa5 44. Rxa5 Rb6+ 45. Kg5 Ne6+
46. Kh6 Nf8 47. Ra8 Rf6 1-0

[Event "XII Weekend B"]
[Site "Ceriano Laghetto ITA"]
[Date "2003.01.25"]
[Round "1"]
[White "Loi, Alberto"]
[Black "Pepa, Yezdin Dino"]
[Result "0-1"]
[WhiteElo "1480"]
[BlackElo "1600"]
[PlyCount "86"]
[EventDate "2003.01.25"]

1. e4 e5 2. Nf3 Nc6 3. Bb5 Qe7 4. Nc3 a6 5. Nd5 Qd6 6. Bc4 b6 7. O-O Nf6 8. d4
b5 9. Bb3 exd4 10. e5 Nxe5 11. Nxe5 Nxd5 12. Nxf7 Kxf7 13. Qf3+ Ke8 14. Bxd5 c6
15. Bf4 Qxd5 16. Rfe1+ Kd8 17. Qg3 d6 18. Re2 Bd7 19. c3 g5 20. Bd2 Bg7 21.
cxd4 Bxd4 22. Rd1 Kc8 23. Bc3 Bxf2+ 24. Rxf2 Qxd1+ 25. Rf1 Qd5 26. Bxh8 Kc7 27.
Qe3 c5 28. Bg7 Bc6 29. Rf2 Re8 30. Qc1 h5 31. Qf1 h4 32. Rf3 g4 33. Rd3 Qe4 34.
h3 g3 35. Rd1 Qe2 36. Bf6 Qxf1+ 37. Kxf1 Rf8 38. Ke2 Rxf6 39. Re1 Rf2+ 40. Kd1
Rxb2 41. Re7+ Kb6 42. Rh7 Rxg2 43. Rxh4 Rh2 0-1

[Event "XII Weekend B"]
[Site "Ceriano Laghetto ITA"]
[Date "2003.01.25"]
[Round "1"]
[White "Marchesotti, Giovanni"]
[Black "Pepa, Syrja"]
[Result "0-1"]
[WhiteElo "1453"]
[BlackElo "1729"]
[PlyCount "114"]
[EventDate "2003.01.25"]

1. g3 Nf6 2. Bg2 d5 3. Nf3 Nc6 4. d4 g6 5. O-O Bg7 6. c3 O-O 7. Nbd2 Bg4 8. h3
Bf5 9. Nh4 Bd7 10. Nhf3 Re8 11. Ne5 Nxe5 12. dxe5 Ne4 13. Nxe4 dxe4 14. Qc2 Bc6
15. Bxe4 Qd7 16. Bxc6 Qxc6 17. Bf4 Qe6 18. Qb3 Qc6 19. Rad1 g5 20. e6 f6 21.
Be3 Red8 22. Rd7 Rxd7 23. exd7+ Kf8 24. Rd1 Rd8 25. Bxa7 b6 26. Qd5 Qxd5 27.
Rxd5 e6 28. Rb5 Ra8 29. Bxb6 cxb6 30. Rxb6 Ke7 31. c4 Ra7 32. d8=Q+ Kxd8 33. a3
Kd7 34. b4 Bf8 35. c5 Rxa3 36. Rb7+ Kc6 37. Rb6+ Kd5 38. e4+ Ke5 39. c6 Bd6 40.
Rb7 Rc3 41. b5 Kxe4 42. Rxh7 Kf3 43. Rd7 Bc5 44. Rd2 Rc1+ 45. Kh2 Bxf2 46. Rd3+
Ke4 47. Rb3 Bb6 48. h4 g4 49. Rb4+ Ke5 50. h5 f5 51. Rb2 Rc4 52. Kg2 Kf6 53.
Re2 Rb4 54. h6 Rxb5 55. Rxe6+ Kxe6 56. h7 Bd4 57. c7 Rc5 0-1

[Event "XII Weekend B"]
[Site "Ceriano Laghetto ITA"]
[Date "2003.01.25"]
[Round "1"]
[White "Mason, Giovanni"]
[Black "Cartella, Giovanni"]
[Result "0-1"]
[WhiteElo "1561"]
[BlackElo "1728"]
[PlyCount "132"]
[EventDate "2003.01.25"]

1. e4 c5 2. c4 Nc6 3. Nf3 d6 4. h3 Nf6 5. Nc3 g6 6. d3 Bg7 7. Be3 O-O 8. Qd2
Re8 9. g4 Nb4 10. Be2 e6 11. e5 dxe5 12. Nxe5 Qe7 13. a3 Na6 14. Bg5 Qc7 15.
Bf4 Qa5 16. O-O Nd7 17. Nxd7 Bxd7 18. Bf3 Bc6 19. Bxc6 bxc6 20. Qc2 e5 21. Bd2
Qd8 22. Rfe1 Nc7 23. Rad1 Qh4 24. Re3 Ne6 25. Ne4 Nd4 26. Qa4 Bh6 27. Rg3 Ne2+
28. Kg2 Bxd2 29. Rxd2 Nxg3 30. fxg3 Qe7 31. Qxc6 Rec8 32. Qa4 f5 33. gxf5 gxf5
34. Nc3 Qg5 35. Qd1 h5 36. h4 Qg4 37. Nd5 Qxd1 38. Rxd1 Kf7 39. Re1 Ke6 40.
Nf4+ Kd6 41. Nxh5 Rg8 42. Kf3 Rab8 43. Re2 Rg6 44. Rg2 Rh8 45. g4 a5 46. a4 e4+
47. dxe4 fxe4+ 48. Kf2 e3+ 49. Kf3 Ke5 50. Re2 Kd4 51. Ng3 Kxc4 52. h5 Rb6 53.
Kxe3 Rb3+ 54. Kf2 Rg8 55. Re4+ Kd5 56. Rf4 Rxb2+ 57. Kf3 Rb4 58. Rf5+ Ke6 59.
g5 Rxa4 60. Rxc5 Rf8+ 61. Kg2 Ra2+ 62. Kh3 Ra3 63. g6 Kf6 64. Rf5+ Ke7 65. Rb5
Rff3 66. Rg5 66... Kf6 {...} 0-1

[Event "XII Weekend B"]
[Site "Ceriano Laghetto ITA"]
[Date "2003.01.25"]
[Round "1"]
[White "Molteni, Costantino"]
[Black "Alessandro, Sergio"]
[Result "1-0"]
[WhiteElo "1573"]
[BlackElo "1467"]
[PlyCount "73"]
[EventDate "2003.01.25"]

1. d4 c6 2. c4 d6 3. g3 g6 4. Nf3 Bg7 5. Bg2 Nf6 6. Nc3 O-O 7. e4 Bg4 8. O-O
Qd7 9. Re1 Bxf3 10. Bxf3 e5 11. Be3 Re8 12. Rc1 a5 13. a3 Na6 14. dxe5 dxe5 15.
Qxd7 Nxd7 16. Na4 b5 17. cxb5 cxb5 18. Nb6 Nxb6 19. Bxb6 Reb8 20. Be3 Rb7 21.
Rc6 f5 22. exf5 gxf5 23. Rxa6 Rxa6 24. Bxb7 Rd6 25. Rc1 b4 26. axb4 axb4 27.
Rc8+ Kf7 28. Rc7+ Kg8 29. Bc5 Rd1+ 30. Kg2 e4 31. Bxb4 Bxb2 32. Bc3 Bxc3 33.
Rxc3 Rd7 34. Bc8 Rd3 35. Rxd3 exd3 36. Bxf5 d2 37. Bc2 1-0

[Event "XII Weekend B"]
[Site "Ceriano Laghetto ITA"]
[Date "2003.01.25"]
[Round "1"]
[White "Negri, Sergio"]
[Black "Perotti, Davide"]
[Result "0-1"]
[WhiteElo "1531"]
[BlackElo "1719"]
[PlyCount "118"]
[EventDate "2003.01.25"]

1. d4 Nf6 2. Bf4 g6 3. Nc3 Bg7 4. Nf3 d6 5. e3 O-O 6. Be2 a6 7. O-O c5 8. dxc5
dxc5 9. Qxd8 Rxd8 10. Rfd1 Rxd1+ 11. Rxd1 Nc6 12. Ne5 Nxe5 13. Rd8+ Bf8 14.
Bxe5 Nd7 15. Bf4 Kg7 16. Bf3 e5 17. Bg3 Be7 18. Bxb7 Bxd8 19. Bxa8 f6 20. Ne4
Be7 21. f4 Nb6 22. Bc6 f5 23. Nd2 e4 24. Be1 Bf6 25. b3 Kf7 26. Nb1 Ke6 27. Bc3
Be7 28. Be5 Nd5 29. Bxd5+ Kxd5 30. Nc3+ Kc6 31. Kf2 c4 32. Ke2 cxb3 33. axb3
Kc5 34. Bd4+ Kc6 35. Na2 Be6 36. c4 a5 37. Nc3 Bb4 38. Nb5 a4 39. Na7+ Kb7 40.
bxa4 Bxc4+ 41. Kf2 Bb3 42. Nb5 Bxa4 43. Nc3 Bc6 44. Ne2 Be7 45. Ng3 Bb5 46. Ne2
Kc6 47. Nc3 Bc4 48. Ne2 Kb5 49. Nc3+ Kb4 50. Ne2 Kb3 51. Bb6 Bd5 52. Nd4+ Kc4
53. Ne2 Kd3 54. Ba5 Bc5 55. Nc1+ Kc2 56. Ne2 Bc4 57. Nc3 Kd3 58. Nd1 Bb3 59.
Nb2+ Kc2 0-1

[Event "XII Weekend B"]
[Site "Ceriano Laghetto ITA"]
[Date "2003.01.25"]
[Round "1"]
[White "Noseda, Francesco"]
[Black "Petetta, Roberto"]
[Result "1-0"]
[WhiteElo "1786"]
[BlackElo "1603"]
[PlyCount "87"]
[EventDate "2003.01.25"]

1. e4 c5 2. Nf3 e6 3. d4 cxd4 4. Nxd4 Nf6 5. Nc3 Bb4 6. e5 Nd5 7. Bd2 Qc7 8.
Nxd5 Qxe5+ 9. Ne3 Qxd4 10. c3 Bxc3 11. Bxc3 Qxd1+ 12. Rxd1 O-O 13. Rd6 b6 14.
Bb5 a6 15. Be2 b5 16. Bf3 Ra7 17. Ba5 Nc6 18. Bxc6 dxc6 19. Rxc6 Rd7 20. O-O f6
21. Rfc1 Bb7 22. Rc7 Rxc7 23. Rxc7 Rf7 24. Kf1 Rxc7 25. Bxc7 Kf7 26. Ke2 Ke7
27. g3 g6 28. a3 Kd7 29. Ba5 Kd6 30. Ng4 Ke7 31. Kd3 h5 32. Ne3 Kd6 33. Bb4+
Kd7 34. Kd4 Bc8 35. Kc5 Kc7 36. Bc3 f5 37. Ng2 g5 38. Bf6 g4 39. Nf4 Bd7 40.
Nxh5 a5 41. Nf4 a4 42. Be5+ Kd8 43. Kd6 Ke8 44. Nxe6 1-0

[Event "XII Weekend B"]
[Site "Ceriano Laghetto ITA"]
[Date "2003.01.25"]
[Round "1"]
[White "Pino, Nicola"]
[Black "Versari, Marino"]
[Result "0-1"]
[WhiteElo "1705"]
[BlackElo "1530"]
[PlyCount "69"]
[EventDate "2003.01.25"]

1. e4 c5 2. f4 e6 3. Nf3 Nc6 4. c3 d5 5. e5 g6 6. d4 c4 7. Na3 Bxa3 8. bxa3 Qa5
9. Qc2 Nge7 10. a4 Nf5 11. Kf2 Bd7 12. Be2 O-O 13. g4 Ng7 14. Ba3 Rfe8 15. Rab1
Qa6 16. h4 h5 17. Ng5 Nf5 18. gxf5 exf5 19. Rhg1 Ne7 20. Bd1 Rab8 21. Bd6 Ra8
22. Qb2 b6 23. Bf3 Be6 24. Nh3 Nc8 25. Bb4 Qxa4 26. Bxh5 Kh7 27. Bd1 Qa6 28. h5
b5 29. Ng5+ Kg7 30. h6+ Kxh6 31. Nxf7+ Kg7 32. Ng5 Bd7 33. Rh1 Nb6 34. Rh7+ Kg8
35. Bc2 0-1

[Event "XII Weekend B"]
[Site "Ceriano Laghetto ITA"]
[Date "2003.01.25"]
[Round "1"]
[White "Rampi, Franco"]
[Black "Schingaro, Angelo"]
[Result "1/2-1/2"]
[WhiteElo "1341"]
[BlackElo "1645"]
[PlyCount "45"]
[EventDate "2003.01.25"]

1. e4 c6 2. d4 d5 3. Nc3 dxe4 4. Nxe4 Nd7 5. Nf3 Ngf6 6. Nxf6+ Nxf6 7. h3 Bf5
8. Bd3 Bxd3 9. Qxd3 e6 10. Bf4 Bd6 11. Bxd6 Qxd6 12. O-O O-O 13. Rfe1 Rad8 14.
Rad1 Qc7 15. c3 c5 16. Qc4 Rc8 17. Qxc5 Qxc5 18. dxc5 Rxc5 19. Ne5 Rd5 20. c4
Rdd8 21. b3 h6 22. f3 Rfe8 23. Kf2 1/2-1/2

[Event "XII Weekend B"]
[Site "Ceriano Laghetto ITA"]
[Date "2003.01.25"]
[Round "1"]
[White "Redaelli, Lorenzo"]
[Black "Bellotto, Stefano"]
[Result "0-1"]
[WhiteElo "1549"]
[BlackElo "1740"]
[PlyCount "28"]
[EventDate "2003.01.25"]

1. e4 d6 2. d4 Nf6 3. Nc3 c6 4. Bg5 Qa5 5. Bxf6 exf6 6. Nf3 Be7 7. d5 O-O 8.
Be2 f5 9. e5 dxe5 10. Nxe5 Bf6 11. f4 Rd8 12. Bd3 Bxe5 13. fxe5 Rxd5 14. Qe2
Rxe5 0-1

[Event "XII Weekend B"]
[Site "Ceriano Laghetto ITA"]
[Date "2003.01.25"]
[Round "1"]
[White "Regorda, Massimiliano"]
[Black "Cardani, Roberto"]
[Result "1-0"]
[WhiteElo "1489"]
[BlackElo "1788"]
[PlyCount "72"]
[EventDate "2003.01.25"]

1. e4 c5 2. d3 Nc6 3. c3 d5 4. Be2 Nf6 5. Nd2 e6 6. Ngf3 Bd6 7. exd5 exd5 8.
O-O O-O 9. Nb3 Qc7 10. Bg5 Ng4 11. g3 b6 12. Nh4 Nge5 13. Bf4 Bh3 14. Re1 Ne7
15. d4 N5g6 16. Nxg6 Nxg6 17. Bxd6 Qxd6 18. Bg4 Bxg4 19. Qxg4 c4 20. Nd2 b5 21.
Nf3 Rfe8 22. Rxe8+ Rxe8 23. Re1 Rxe1+ 24. Nxe1 f6 25. Qc8+ Nf8 26. Qb7 Qd7 27.
Qb8 Kf7 28. Nc2 a5 29. Na3 Qe8 30. Qxe8+ Kxe8 31. Nxb5 Kd7 32. Kf1 Kc6 33. Na3
Nd7 34. Ke2 f5 35. h4 Nf6 36. Nc2 Kd6 1-0

[Event "XII Weekend B"]
[Site "Ceriano Laghetto ITA"]
[Date "2003.01.25"]
[Round "1"]
[White "Regorda, Vittorio"]
[Black "Sala, Pierluigi"]
[Result "0-1"]
[WhiteElo "1651"]
[BlackElo "1428"]
[PlyCount "88"]
[EventDate "2003.01.25"]

1. c4 Nf6 2. Nc3 e5 3. g3 Bc5 4. Bg2 O-O 5. e3 c6 6. Nge2 d5 7. cxd5 cxd5 8. d4
exd4 9. Nxd4 Nc6 10. Nce2 Re8 11. O-O Be6 12. h3 Rc8 13. a3 a6 14. b4 Bxd4 15.
Nxd4 Nxd4 16. Qxd4 Rc4 17. Qd3 Qc7 18. Bb2 Rc8 19. Bxf6 gxf6 20. Bxd5 Rc3 21.
Qe4 f5 22. Qd4 Rd8 23. Qh4 Rxd5 24. Qg5+ Kf8 25. Rfd1 Rxd1+ 26. Rxd1 Rc1 27.
Qh6+ Ke8 28. Qh5 Rxd1+ 29. Qxd1 Qc3 30. g4 fxg4 31. hxg4 Qxa3 32. Qd4 Qc1+ 33.
Kg2 Qc4 34. Qh8+ Ke7 35. Qxh7 Qxg4+ 36. Kh2 Qxb4 37. Qc2 Qh4+ 38. Kg1 Qc4 39.
Qd2 b5 40. Qa5 b4 41. Qb6 b3 42. Qb7+ Bd7 43. Qb6 Qc1+ 44. Kh2 b2 0-1

[Event "XII Weekend B"]
[Site "Ceriano Laghetto ITA"]
[Date "2003.01.25"]
[Round "1"]
[White "Rinaldo, Andrea"]
[Black "Casartelli, Fabio"]
[Result "0-1"]
[WhiteElo "1494"]
[BlackElo "1624"]
[PlyCount "112"]
[EventDate "2003.01.25"]

1. c4 Nf6 2. Nc3 e5 3. Nf3 Nc6 4. d3 d6 5. g3 Be7 6. Bg2 O-O 7. O-O h6 8. Rb1
Bg4 9. b4 Qd7 10. b5 Nd8 11. e4 c6 12. bxc6 bxc6 13. Be3 Bh3 14. d4 Bxg2 15.
Kxg2 exd4 16. Nxd4 Ne6 17. f3 Rfb8 18. Nf5 a5 19. Qa4 Bf8 20. Rfd1 Rxb1 21.
Rxb1 Nc5 22. Bxc5 dxc5 23. Rd1 Qb7 24. Rb1 Qc7 25. Qc2 g6 26. Ne3 Rd8 27. Rd1
Bg7 28. f4 Rd4 29. e5 Nd7 30. Ne2 Rxd1 31. Qxd1 g5 32. Nf5 gxf4 33. gxf4 Bf8
34. Neg3 f6 35. Qg4+ Kf7 36. e6+ Kxe6 37. Nxh6+ Ke7 38. Qe2+ Kd8 39. Nf7+ Kc8
40. Qe8+ Kb7 41. Nd8+ Kb6 42. Ne6 Qd6 43. Nxf8 Nxf8 44. Ne4 Qxf4 45. Qxf8 Qxe4+
46. Kg1 Qb1+ 47. Kf2 Qxa2+ 48. Kg1 Qxc4 49. Qb8+ Ka6 50. Qa8+ Kb5 51. Qb7+ Ka4
52. Qxc6+ Ka3 53. Qxf6 Qd4+ 54. Qxd4 cxd4 55. h4 d3 56. Kf1 Kb3 0-1

[Event "XII Weekend B"]
[Site "Ceriano Laghetto ITA"]
[Date "2003.01.25"]
[Round "1"]
[White "Rinaldo, Luigi"]
[Black "Longo, Giovanni"]
[Result "0-1"]
[WhiteElo "1479"]
[BlackElo "1645"]
[PlyCount "78"]
[EventDate "2003.01.25"]

1. d4 d5 2. c4 e6 3. Nc3 Nf6 4. Bg5 Be7 5. Nf3 O-O 6. e3 c5 7. Rc1 b6 8. Bd3
Bb7 9. b3 Nbd7 10. O-O Rc8 11. Re1 Rc7 12. Qc2 dxc4 13. bxc4 Bxf3 14. gxf3 cxd4
15. exd4 g6 16. Qe2 Nh5 17. Bxe7 Qxe7 18. Qd2 Qf6 19. Qe3 Nf4 20. Bf1 Qg5+ 21.
Kh1 Nf6 22. Ne2 N6h5 23. Rc3 Rfc8 24. Rec1 h6 25. Ng1 Qf6 26. R3c2 g5 27. Ne2
Ng6 28. Ng3 Nhf4 29. Ne4 Qe7 30. c5 Nd5 31. Qa3 bxc5 32. dxc5 Nf6 33. Qa5 Nxe4
34. fxe4 Qd8 35. Qa4 Rd7 36. Re2 Nf4 37. Ree1 Rcc7 38. Rcd1 e5 39. f3 39... Ne6
$138 0-1

[Event "XII Weekend B"]
[Site "Ceriano Laghetto ITA"]
[Date "2003.01.25"]
[Round "1"]
[White "Saccani, Ettore"]
[Black "Valsecchi, Luca"]
[Result "1-0"]
[WhiteElo "1672"]
[BlackElo "1449"]
[PlyCount "101"]
[EventDate "2003.01.25"]

1. e4 d5 2. exd5 Qxd5 3. Nc3 Qa5 4. d4 Nf6 5. Bd2 c6 6. Ne4 Qd5 7. Nxf6+ exf6
8. c3 c5 9. Bb5+ Bd7 10. Qe2+ Be7 11. Nf3 cxd4 12. Bxd7+ Nxd7 13. cxd4 O-O 14.
O-O Bd6 15. b3 Nb6 16. Rfe1 Rac8 17. Rac1 Ba3 18. Rxc8 Rxc8 19. Bc1 Bb4 20. Bd2
Bd6 21. Qd3 Qc6 22. g3 Nd5 23. Qe4 Ne7 24. Qxc6 Rxc6 25. Rc1 Rxc1+ 26. Bxc1 Nd5
27. Bd2 Bb4 28. Kf1 Kf8 29. Bxb4+ Nxb4 30. a4 Ke7 31. Ke2 Kd6 32. Kd2 Kd5 33.
Kc3 a5 34. Nd2 Na2+ 35. Kd3 Nb4+ 36. Kc3 Na2+ 37. Kb2 Nb4 38. Nc4 Nc6 39. Kc3
Nxd4 40. Nxa5 b6 41. Nc4 b5 42. Ne3+ Ke4 43. a5 Nc6 44. a6 Na7 45. Nd1 Kd5 46.
Kb4 Kc6 47. Ka5 Kc7 48. Nc3 b4 49. Nd5+ Kc6 50. Nxb4+ Kc5 51. Nd3+ 1-0

[Event "XII Weekend B"]
[Site "Ceriano Laghetto ITA"]
[Date "2003.01.25"]
[Round "1"]
[White "Squillante, Michele"]
[Black "Greco, Umberto"]
[Result "0-1"]
[WhiteElo "1717"]
[BlackElo "1536"]
[PlyCount "128"]
[EventDate "2003.01.25"]

1. d4 Nf6 2. Nf3 g6 3. Bg5 Bg7 4. Nbd2 O-O 5. e4 d6 6. c3 b6 7. Bd3 Ba6 8. Bxa6
Nxa6 9. O-O c5 10. Qa4 Nc7 11. Rfe1 cxd4 12. cxd4 Re8 13. Rac1 Ne6 14. Bh4 Qd7
15. Qa3 Rac8 16. Rc3 Rxc3 17. bxc3 Rc8 18. e5 Ne8 19. Bg3 d5 20. Bh4 Bf8 21.
Nb1 Nd8 22. Qb3 Nc6 23. Qb5 Nc7 24. Qe2 Na5 25. Qc2 Nc4 26. Nfd2 Nxd2 27. Qxd2
Nb5 28. Rc1 Qg4 29. Bg3 Qd7 30. Qb2 Qc6 31. Qd2 a5 32. f3 Na7 33. a3 Qa4 34.
Qc2 Qxc2 35. Rxc2 a4 36. Rb2 b5 37. Kf1 e6 38. Be1 Bh6 39. Bd2 Bf8 40. Ke2 Rb8
41. Kd3 Nc6 42. Bc1 Na5 43. Ra2 Nb3 44. Rc2 Be7 45. g3 Rc8 46. Bb2 h5 47. Nd2
Na5 48. Rc1 Kf8 49. Rb1 Nc4 50. Nxc4 bxc4+ 51. Kc2 Rb8 52. Bc1 Rb3 53. Rxb3
axb3+ 54. Kb2 Ke8 55. h3 Kd7 56. f4 Kc6 57. g4 Kb5 58. Kb1 Ka4 59. g5 Bxa3 60.
Bd2 Be7 61. Kb2 Ba3+ 62. Kb1 b2 63. Ka2 b1=Q+ 64. Kxb1 Kb3 0-1

[Event "XII Weekend B"]
[Site "Ceriano Laghetto ITA"]
[Date "2003.01.25"]
[Round "1"]
[White "Tosetto, Flavio"]
[Black "Romano', Fabio"]
[Result "0-1"]
[WhiteElo "1534"]
[BlackElo "1792"]
[PlyCount "98"]
[EventDate "2003.01.25"]

1. e4 e6 2. d4 d5 3. Nc3 Bb4 4. a3 Bxc3+ 5. bxc3 dxe4 6. Qg4 Qf6 7. Qxe4 Ne7 8.
Nf3 Qf5 9. Bd3 Qxe4+ 10. Bxe4 Nd7 11. O-O O-O 12. Rb1 c6 13. Bb2 Nb6 14. Bd3
Ned5 15. c4 Nf4 16. Rfe1 Nxd3 17. cxd3 Nd7 18. Re3 b6 19. Ne5 Nxe5 20. dxe5 c5
21. Rg3 Rd8 22. Re1 Bb7 23. h4 Rd7 24. h5 h6 25. Bc1 Kh7 26. Ree3 Rad8 27. Kf1
Rd4 28. Bb2 R4d7 29. Ke2 Ba6 30. a4 Bxc4 31. Bc3 Bb3 32. Rg4 c4 33. d4 Bxa4 34.
Reg3 Rg8 35. Bb4 a5 36. Bc3 Bc2 37. f4 Bf5 38. Rh4 Ra8 39. Re3 b5 40. g4 Bd3+
41. Kf3 b4 42. Ba1 a4 43. g5 a3 44. Rh2 b3 45. g6+ fxg6 46. hxg6+ Bxg6 47. Bc3
Rb8 48. Kg4 b2 49. Reh3 Bf5+ 0-1